100 Biggest Cities of Argentina on a Map - Statistics

General Stats
  • This quiz has been taken 240 times
  • The average score is 30 of 100
Answers on the Map
Answers color-coded by a green-red scale on the quiz's map according to % correct below.
 
Answer Stats
Population City % Correct
3,121,707 Buenos Aires
98%
1,317,298 Córdoba
93%
948,312 Rosario
92%
114,893 Mendoza
84%
520,683 Salta
81%
643,133 La Plata
76%
593,337 Mar del Plata
75%
391,164 Santa Fe
72%
548,866 San Miguel de Tucumán
68%
257,970 San Salvador de Jujuy
68%
231,198 Neuquén
62%
291,327 Bahía Blanca
60%
346,334 Corrientes
60%
222,226 Formosa
60%
109,123 San Juan
59%
169,947 San Luis
56%
276,190 San Miguel
55%
178,872 La Rioja
52%
159,139 Catamarca
51%
252,192 Santiago del Estero
51%
290,723 Resistencia
49%
109,305 San Carlos de Bariloche
49%
275,028 Posadas
47%
247,139 Paraná
46%
95,796 Río Gallegos
45%
175,196 Comodoro Rivadavia
44%
102,860 Santa Rosa
41%
582,943 Quilmes
40%
370,913 Tigre
39%
97,915 Trelew
37%
459,263 Lanús
36%
66,475 Río Grande
36%
81,315 Puerto Madryn
34%
342,677 Avellaneda
32%
1,775,272 La Matanza
31%
97,363 Luján
29%
79,476 San Martín
29%
149,450 Concordia
28%
157,010 Río Cuarto
27%
118,009 San Rafael
27%
116,916 Tandil
25%
160,284 San Fernando
24%
191,299 Godoy Cruz
23%
292,878 San Isidro
23%
527,658 Merlo
21%
321,109 Morón
21%
109,424 Rawson
21%
269,420 Vicente López
21%
72,528 Concepción del Uruguay
20%
296,826 Pilar
20%
61,750 San Francisco
20%
616,279 Lomas de Zamora
19%
63,960 Oberá
19%
98,522 Zárate
19%
265,981 José C. Paz
18%
452,505 Moreno
18%
133,602 San Nicolás de los Arroyos
18%
79,351 Villa María
18%
324,156 Berazategui
17%
87,698 Berisso
17%
162,475 Ezeiza
17%
426,005 Florencio Varela
17%
80,614 Gualeguaychú
17%
87,509 Junín
17%
91,399 Pergamino
17%
91,571 Rafaela
17%
111,391 Villa Mercedes
17%
212,208 Escobar
16%
81,534 General Roca
16%
181,241 Hurlingham
16%
84,784 Necochea
16%
89,721 Olavarría
16%
89,882 Presidencia Roque Sáenz Peña
16%
70,549 Reconquista
16%
75,437 Venado Tuerto
16%
82,582 Rivadavia
15%
59,131 San Pedro
15%
340,071 Tres de Febrero
15%
552,139 Almirante Brown
14%
86,860 Campana
14%
252,618 Guaymallén
14%
322,375 Malvinas Argentinas
14%
300,745 Esteban Echeverría
13%
71,606 Goya
12%
167,824 Ituzaingó
12%
106,441 La Banda
12%
106,662 Maipú
12%
80,824 Presidente Perón
12%
63,196 Tartagal
12%
62,423 Villa Carlos Paz
12%
189,067 Las Heras
11%
76,070 San Ramón de la Nueva Orán
10%
77,713 Cipolletti
9%
85,315 General Rodríguez
8%
414,196 General San Martín
8%
82,615 Luján de Cuyo
8%
80,769 Villa Gobernador Gálvez
8%
65,684 Santo Tomé
6%
63,226 Banda del Río Salí
5%
87,258 Chimbas
5%
No matching quizzes found
Score Distribution
Percent of People with Each Score
Percentile by Number Answered
Your Score History
You have not taken this quiz